Insect migration : (Record no. 7506)

MARC details
000 -LEADER
fixed length control field 01300cam a2200325 a 4500
001 - CONTROL NUMBER
control field 1599525
003 - CONTROL NUMBER IDENTIFIER
control field OSt
005 - DATE AND TIME OF LATEST TRANSACTION
control field 20211122105302.0
008 - FIXED-LENGTH DATA ELEMENTS--GENERAL INFORMATION
fixed length control field 941228s1995 enkab b 001 0 eng
010 ## - LIBRARY OF CONGRESS CONTROL NUMBER
LC control number 94049434
020 ## - INTERNATIONAL STANDARD BOOK NUMBER
International Standard Book Number 0521440009 (hardback)
020 ## - INTERNATIONAL STANDARD BOOK NUMBER
International Standard Book Number 0521018536
040 ## - CATALOGING SOURCE
Original cataloging agency DLC
Transcribing agency DDC
Modifying agency DLC
050 00 - LIBRARY OF CONGRESS CALL NUMBER
Classification number QL496.2
Item number .I47 1995
082 00 - DEWEY DECIMAL CLASSIFICATION NUMBER
Classification number 595.7 INS 1995
Edition number 20
100 ## - MAIN ENTRY--PERSONAL NAME
Personal name edited by V.A. Drake and A.G. Gatehouse.
9 (RLIN) 15369
245 00 - TITLE STATEMENT
Title Insect migration :
Remainder of title Tracking resources through space and time /
Statement of responsibility, etc. edited by V.A. Drake and A.G. Gatehouse.
260 ## - PUBLICATION, DISTRIBUTION, ETC. (IMPRINT)
Place of publication, distribution, etc. Cambridge ;
-- New York, NY, USA :
Name of publisher, distributor, etc. Cambridge University Press,
Date of publication, distribution, etc. 1995.
300 ## - PHYSICAL DESCRIPTION
Extent xvii, 478 p. :
Other physical details ill., maps ;
Dimensions 24 cm.
504 ## - BIBLIOGRAPHY, ETC. NOTE
Bibliography, etc Includes bibliographical references and index.
650 #0 - SUBJECT ADDED ENTRY--TOPICAL TERM
Topical term or geographic name as entry element Insects
General subdivision Migration.
9 (RLIN) 15370
650 #0 - SUBJECT ADDED ENTRY--TOPICAL TERM
Topical term or geographic name as entry element Biology
9 (RLIN) 5602
700 1# - ADDED ENTRY--PERSONAL NAME
Personal name Drake, V. A.
9 (RLIN) 15371
700 1# - ADDED ENTRY--PERSONAL NAME
Personal name Gatehouse, A. G.
9 (RLIN) 15372
856 42 - ELECTRONIC LOCATION AND ACCESS
Materials specified Publisher description
Uniform Resource Identifier http://www.loc.gov/catdir/description/cam026/94049434.html
856 41 - ELECTRONIC LOCATION AND ACCESS
Materials specified Table of contents
Uniform Resource Identifier http://www.loc.gov/catdir/toc/cam026/94049434.html
906 ## - LOCAL DATA ELEMENT F, LDF (RLIN)
a 7
b cbc
c orignew
d 1
e ocip
f 19
g y-gencatlg
942 ## - ADDED ENTRY ELEMENTS (KOHA)
Source of classification or shelving scheme Dewey Decimal Classification
Koha item type Open Shelf
Holdings
Withdrawn status Lost status Source of classification or shelving scheme Damaged status Not for loan Home library Current library Date acquired Source of acquisition Inventory number Total Checkouts Full call number Barcode Date last seen Price effective from Koha item type
    Dewey Decimal Classification     MUST Main Library MUST Main Library 22/11/2021 Donation 07/28651   595.7 INS 1995 2021-1785 22/11/2021 22/11/2021 Open Shelf